000 00777nam a2200277Ia 4500
003 OSt
005 20220927114219.0
006 a|||||r|||| 00| 0
007 ta
008 220926b |||||||| |||| 00| 0 eng d
020 _a0060473312
024 _a136839
037 _cTextbook
040 _aRTL
_cRTL
_beng
041 _2eng
_aeng
082 _a"U435.71.N7, L6"
100 _aYeates Maurice
_9387191
245 0 _aNorth American city
260 _aNew
_bYork Harper and Row U. S. A.
_c1976
300 _a"xxv, 513p."
_ccm.
500 _aBibliography p.484-503
650 _aUrban Geography
700 _a Garner Barry
_9387192
942 _h"U435.71.N7, L6"
_cCC
999 _c703118
_d703118